000 00778nam a2200217 a 4500
003 CBULib
005 20250815133806.0
008 060925s2005 ||||||||||||||||| || u
040 _aCBULib
_bEnglish
_cCBULib
_erda
041 _aeng
050 _aCBU-SOT(058)SH/2005
110 _aThe Copperbelt University, School of Technology
245 1 4 _aThe Copperbelt University : School of Technology : school handbook 2005
_c/ by The Copperbelt University-School of Technology(CBU-SOT)
260 _aKitwe :
_bCopperbelt University,
_c2005.
300 _a98 pages : illustrations
336 _2rdacontent
_aText |
_btxt
337 _2rdamedia
_aUnmediated |
_bn
338 _2rdacarrier
_aVolume
_bnc
650 _aCOPPERBELT UNIVERSITY--HANDBOOKS, MANUALS, ETC
942 _2mc
_c030
999 _c62504
_d62504